000 00619cab a22001815a 4500
001 L145101
008 080903l2008 xxk 000 0 eng d
035 _a(Sirsi) u145101
041 0 _aeng
100 1 _aHeath, Vicky
245 0 0 _aOpportunities and pitfalls for London 2012 and beyond
490 _aProperty Forecast
_v11(8) August 2008, 8-9(2)
520 _aThere are concerns over the lack of a long-term governance structure for the impact of the Olympic Games on rents and availability of land in Stratford.
590 _aKA
650 2 4 _aUK COMMERCIAL PROPERTY COMMENTARY
651 4 _aLondon
942 _n0
999 _c80696
_d80696